000 00647nam a2200253Ia 4500
003 OSt
005 20221006145010.0
006 a|||||r|||| 00| 0
007 ta
008 221006b |||||||| |||| 00| 0 eng d
020 _a0710090390
_c204.00
024 _a13,455
037 _cTextual
040 _aEASL
_cEASL
_beng
041 _2eng
_aeng
082 _aV46:19.N81v, M2
100 _aHIRO Dilip
245 0 _aInside the middle east
260 _aLondon
_bRoutjedge & Kegan Paul
_c1982
300 _a471p.
_ccm.
490 _v Oth
942 _hV46:19.N81v, M2
_cTEXL
_2CC
999 _c1081541
_d1081541